[Event "SA Candidates"]
[Site "Adelaide"]
[Date "2002.02.19"]
[Round "2.1"]
[White "Takos, Adam"]
[Black "Oks, Oliver"]
[Result "0-1"]
[WhiteElo "1525"]
[BlackElo "1804"]
[Annotator "Fritz 7 - Anderson-Smith,W"]
[PlyCount "43"]
[EventDate "2002.02.12"]
[EventType "swiss"]
[EventRounds "7"]
[EventCountry "AUS"]

{C24: Bishop's Opening: 2...Nf6} 1. e4 e5 2. Bc4 Nf6 3. d3 d5 (3... b5 4. Bxb5
c6 5. Ba4 Qa5+ 6. c3 Ba6 7. b4 Bxb4 8. cxb4 Qxb4+ 9. Bd2 Qd4 10. Bc3 Qxd3 11.
Qxd3 Bxd3 12. f3 d6 13. Na3 Ke7 14. Rd1 Ba6 15. Ne2 Nbd7 16. Bxc6 Bxe2 17. Bxa8
Bxd1 18. Bc6 Rc8 19. Kxd1 Rxc6 20. Kd2 Nc5 21. Re1 Ke6 22. Re3 g6 23. Nc2 Nfd7
24. Nb4 Rc8 25. g4 Nb6 26. h4 Nc4+ {
0-1 Kirchner,P-Frink,F/Zalakaros 2001/CB42 (26)}) (3... Nc6 4. Nc3 Bc5 5. f4 d6
6. Nf3 Na5 7. Bb3 Nxb3 8. axb3 a6 9. Qe2 Qe7 10. Be3 Bxe3 11. Qxe3 Bd7 12. fxe5
Ng4 13. Qd2 Nxe5 14. Nd5 Nxf3+ 15. gxf3 Qd8 16. Qc3 O-O 17. O-O-O c6 18. Rhg1
f6 19. Nf4 Qe7 20. Nh5 Rf7 21. f4 d5 22. Rg2 Kh8 23. f5 dxe4 24. dxe4 Rg8 25.
Nf4 Re8 26. Ng6+ hxg6 27. fxg6 Kg8 28. Qg3 f5 29. Qh3 Qe6 30. Qh7+ Kf8 31. gxf7
Qxf7 32. Qh8+ Ke7 33. Qxg7 {1-0 Mitkov,N-Rocha,S/Porto 2000/CBM 75 (33)}) 4.
exd5 c6 (4... Nxd5 5. Nf3 Nc6 6. O-O Bg4 7. Re1 Be7 8. h3 Bxf3 9. Qxf3 Nd4 10.
Qg4 O-O 11. Rxe5 Nf6 12. Qd1 Bd6 13. Re1 Re8 14. Be3 c5 15. Nd2 Bc7 16. Nf3 Qd6
17. Bxd4 cxd4 18. Rxe8+ Rxe8 19. c3 dxc3 20. bxc3 Nh5 21. Qa4 Re7 22. Qxa7 Nf4
23. Qxb7 h5 24. Qc8+ Kh7 25. h4 {1-0 Larsen,B-Berger,B/Amsterdam 1964/IZT (25)}
) 5. Bg5 $146 (5. dxc6 Nxc6 6. Nf3 Bg4 7. O-O Bd6 8. Bg5 h6 9. Bxf6 gxf6 10. h3
Bh5 11. Nbd2 f5 12. Qe1 Qf6 13. Bb5 O-O 14. Bxc6 bxc6 15. Qe3 Rae8 16. Rae1 Bb8
17. d4 e4 18. Ne5 Bxe5 19. dxe5 Rxe5 20. f3 Qg6 21. Qf4 Rfe8 22. fxe4 fxe4 23.
Re3 Qe6 24. b3 Kh7 25. Qf6 Qd7 26. Rf2 R8e6 27. Qh4 Bg6 28. Nf1 Rd6 29. Ng3
Rd1+ 30. Kh2 Rc1 31. Nxe4 Qd1 32. Nf6+ Kg7 33. Rxe5 Qg1+ 34. Kg3 Rd1 35. Ne8+
Kh7 36. Qf6 {1-0 Iskov,G-Hector,J/Copenhagen 1985/MCD (36)}) (5. dxc6 Nxc6 6.
Nd2 Bd6 $14) 5... Bc5 (5... cxd5 $142 $5 {is interesting} 6. Bb3 Be7 $11) 6.
Nc3 $14 b5 7. Bb3 Qb6 (7... Bd4 8. dxc6 Nxc6 9. Ne4 Bxb2 10. Bxf6 gxf6 11. Bd5
$16) 8. Qe2 (8. Qf3 Ng4 9. Ne4 f6 $18) 8... Ng4 (8... Nbd7 $5 9. Bxf6 Nxf6 10.
Qxe5+ Kf8 $16) 9. Ne4 $18 O-O (9... f6 10. Bd2 cxd5 11. Bxd5 $18) 10. Nxc5 (10.
h3 $142 $5 Nxf2 11. Nxf2 a5 $18) 10... Qxc5 11. h3 Nf6 12. O-O-O (12. Bxf6 $5
gxf6 13. Qf3 a5 $18) 12... Nbd7 13. dxc6 Qxc6 14. Qf3 Qc7 $4 (14... Qa6 15.
Bxf6 Bb7 16. Qf5 Nxf6 17. Nf3 $14) 15. Bxf6 $4 {White has let it slip away} (
15. Qxa8 $142 {and White has triumphed} e4 {Clearance to allow c7-e5} 16. Bd5
exd3 17. Rxd3 $18) 15... Bb7 $16 16. Bd5 (16. Bxe5 $142 $5 Nxe5 17. Qg3 $16)
16... Bxd5 17. Qxd5 Nxf6 18. Qxb5 (18. Qb3 $142 $5 $11 {deserves consideration}
) 18... Rfc8 $17 19. Qa4 Rab8 20. Nf3 $4 {the position is going down the drain}
(20. c4 $142 $17) 20... Rb4 $3 $19 {a sacrifice that destroys the opponent} 21.
Qb3 (21. Qxb4 {Deflection from c2} Qxc2# {
The nicest combinations are those leading to mate}) 21... Rxb3 22. axb3 (22. c4
{no good, but what else?} Rbb8 23. b3 $19) 0-1

[Event "SA Candidates"]
[Site "Adelaide"]
[Date "2002.02.19"]
[Round "2.2"]
[White "Cooke, Tristrom P"]
[Black "Amini, Amir"]
[Result "0-1"]
[WhiteElo "1359"]
[BlackElo "1644"]
[Annotator "Fritz 7 - Anderson-Smith,W"]
[PlyCount "134"]
[EventDate "2002.02.12"]
[EventType "swiss"]
[EventRounds "7"]
[EventCountry "AUS"]

{C01: French: Exchange Variation} 1. e4 e6 2. d4 d5 3. exd5 exd5 4. Nf3 Bd6 (
4... Nf6 5. Bd3 Bd6 6. O-O O-O 7. Bg5 Bg4 8. Nbd2 c6 9. c3 Nbd7 10. Qc2 h6 11.
Bh4 Re8 12. Rfe1 Qc7 13. Bg3 Bxg3 14. hxg3 Re6 15. Rxe6 Bxe6 16. Re1 Ng4 17.
Bf5 Qd6 18. Bh7+ Kf8 19. Bf5 Bxf5 20. Qxf5 Ngf6 21. Qf4 Qxf4 22. gxf4 Re8 23.
Ne5 Nb6 24. Kf1 Nfd7 25. g3 f6 26. Nxd7+ Nxd7 27. Rxe8+ Kxe8 28. Ke2 Ke7 29.
Ke3 Ke6 {1/2-1/2 Alekhine,A-Janowski,D/St Petersburg 1914/HCL (29)}) 5. Bd3 (5.
c4 Qe7+ (5... Nf6 6. Bd3 dxc4 7. Bxc4 O-O 8. O-O Nc6 9. h3 h6 10. Nc3 Bf5 11.
Re1 Nb4 12. Re2 c6 13. a3 Nbd5 14. Bd2 Nxc3 15. bxc3 Qc7 16. a4 Rae8 17. Rxe8
Rxe8 18. Qb3 Be4 19. Re1 Bxf3 20. Rxe8+ Nxe8 21. gxf3 Qd7 22. Kg2 Nf6 23. Be3
b6 24. Bd3 Bc7 25. Qc4 Nd5 26. Be4 a5 27. Qa6 f5 28. Bxd5+ cxd5 29. c4 Kh7 30.
Qb5 Qxb5 31. cxb5 g5 32. h4 Kg6 33. hxg5 hxg5 34. f4 g4 35. Kg3 Kh5 36. Bc1 Bd6
37. Bb2 Be7 38. Bc3 Ba3 39. Ba1 {
1/2-1/2 Totsky,L-Socko,B/Pardubice 2001/CBM 83 ext (39)}) 6. Be2 dxc4 7. O-O
Nf6 8. Bxc4 O-O 9. Re1 Qd7 10. Bg5 Qc6 11. Qb3 Qb6 12. Qc2 Nbd7 13. Nc3 Qa5 14.
a3 c6 15. Ba2 Qc7 16. Rad1 b6 17. Ne4 Nxe4 18. Qxe4 Bb7 19. Be7 Bxe7 20. Qxe7
Rac8 21. Ng5 Nf6 22. Nxf7 Nd5 23. Nd6 Kh8 24. Bxd5 cxd5 25. Nxb7 {
1-0 Roeder,M-Ibragimov,I/Calcutta 2000/CBM 74 ext (25)}) 5... Ne7 6. Be3 $146 (
6. Nc3 c6 7. O-O Bg4 8. Re1 Qb6 9. Bd2 Nd7 10. Na4 Qc7 11. h3 Bf5 12. a3 b6 13.
Rb1 Nf8 14. Nc3 Ne6 15. Be3 h6 16. Na2 O-O 17. c3 Rae8 18. Nb4 a5 19. Nc2 Bg6
20. Bxg6 Nxg6 {Bannik,A-Kortschnoj,V/Leningrad 1956/URS-ch/0-1 (60)}) (6. b3
Nbc6 7. a3 Bf5 8. O-O O-O 9. Nc3 Qd7 10. Nb5 Bxd3 11. Qxd3 Rad8 12. Nxd6 Qxd6
13. c3 Ng6 14. a4 Rfe8 15. Ba3 Qf6 16. g3 Re6 17. Rfe1 Rde8 18. Rxe6 Rxe6 19.
Re1 a6 20. Re3 Nd8 {Meister,R-Laschat,S/Passau 1998/EXT 99/0-1 (62)}) (6. h3
O-O 7. O-O (7. Bg5 f6 8. Bh4 g5 9. Bg3 Bxg3 10. fxg3 Qd6 11. Kf2 c5 12. c3 Nbc6
13. Bc2 Nf5 14. Bxf5 Bxf5 15. Nbd2 Rae8 16. Re1 cxd4 17. Nxd4 Nxd4 18. cxd4 Qb4
19. Nb3 a5 20. Qd2 Qxd2+ 21. Nxd2 Rxe1 {
Ankrah,A-Toledo,R/Dubai 1986/TD/0-1 (60)}) 7... Ng6 8. Bg5 f6 9. Be3 Nc6 10. c4
dxc4 11. Bxc4+ Kh8 12. Nc3 Bf5 13. Re1 a6 14. a4 Nb4 15. Rc1 Qd7 16. g4 Bxg4
17. hxg4 Qxg4+ 18. Kf1 Nf4 19. Bxf4 Qh3+ 20. Kg1 Bxf4 21. Rb1 Qg4+ 22. Kh1 Rae8
23. Rxe8 Qh3+ 24. Kg1 Qg4+ 25. Kh1 Qh3+ {
1/2-1/2 Gomes de Souza,J-De Souza,A/Brasilia 1985/EXT 2000 (25)}) (6. O-O Bg4
7. c3 Nbc6 8. Nbd2 Qd7 9. b4 O-O 10. Qc2 Bf5 11. Re1 Bxd3 12. Qxd3 Ng6 13. Nf1
a5 14. b5 Na7 15. a4 Nc8 16. Ne3 Nb6 17. Qf5 Qxf5 18. Nxf5 Rfe8 19. Be3 Ne7 20.
Nxe7+ Rxe7 21. Nd2 Rae8 22. Rec1 f5 23. g3 h6 24. c4 Bb4 25. c5 Bxd2 26. Bxd2
Nc4 27. Bc3 b6 28. Kf1 Kf7 29. Re1 Re4 30. Rad1 g5 31. Rxe4 Rxe4 32. Re1 Ke6
33. f3 Rxe1+ 34. Kxe1 h5 35. Ke2 f4 36. gxf4 gxf4 37. c6 Kf5 38. Kd3 Kg5 39.
Be1 Nb2+ 40. Kc2 Nc4 41. Kd3 Nd6 42. h4+ Kf5 43. Bd2 Nc8 44. Bc1 Ne7 45. Bd2 {
1/2-1/2 Kabir,S-Kagan,N/Elista 1998/CBM 66 ext (45)}) 6... Nbc6 7. a3 {
Covers b4} Bg4 8. Nbd2 (8. h3 Bf5 $11) 8... Qd7 9. h3 Bf5 10. Qe2 O-O-O 11. Nb3
Rde8 12. Qd2 Bxd3 13. Qxd3 Nf5 14. O-O-O Nxe3 15. fxe3 Qe6 16. Rde1 Bg3 17. Re2
b6 {Prevents intrusion on a5+c5} (17... Qe4 18. Qxe4 Rxe4 19. Nfd2 $11) 18.
Nbd2 Re7 19. Nf1 (19. c4 dxc4 20. Nxc4 Rd8 $14) 19... Bf4 $11 {
The pressure on the backward pawn e3 grows} 20. g3 Bh6 21. Kd1 (21. g4 g6 $11)
21... f5 (21... Rhe8 22. N3d2 $15) 22. g4 (22. N1d2 $5 $15 {
might be a viable alternative}) 22... fxg4 $17 23. hxg4 Qxg4 24. N1h2 Qe4 25.
Rg1 $2 (25. Qxe4 $5 Rxe4 26. Nf1 $17) 25... Rhe8 (25... Qxd3+ $142 $5 26. cxd3
Bxe3 27. Rge1 $19) 26. Qxe4 Rxe4 (26... dxe4 $6 27. Nd2 $15) 27. Ng5 (27. c3
Rxe3 28. Rxe3 Rxe3 $19 (28... Bxe3 $6 29. Rxg7 Re7 30. Rg8+ Kb7 31. Ng4 $15))
27... Rxe3 28. Rxe3 Rxe3 29. c3 Bxg5 30. Rxg5 g6 31. Rxd5 Ne7 32. Rg5 Nf5 33.
Rg4 $4 {White falls apart} (33. Kd2 $142 Rh3 34. Nf1 $17) 33... Rh3 $19 34. Nf1
Ne3+ (34... Rh1 $142 {makes sure everything is clear} 35. Rf4 Ng3 $19) 35. Nxe3
$17 Rxe3 36. Rf4 Re7 37. Kd2 Kd7 38. c4 Ke8 39. b4 Rf7 40. Re4+ Kd7 41. b5 Rf3
42. Rh4 h5 43. a4 Ra3 44. Rf4 Rxa4 45. Rf7+ Kc8 46. Rg7 $2 (46. Kd3 a6 $17)
46... Ra2+ $4 {releasing the pressure on the opponent} (46... Rxc4 $142 {
and Black takes home the point} 47. Kd3 Rb4 $19) 47. Kd3 Rg2 48. c5 (48. Rh7
$142 $5 $17) 48... bxc5 $19 49. dxc5 Kb7 50. Kd4 $2 (50. Rh7 $19) 50... Rg4+
51. Kd5 (51. Kd3 {doesn't change anything anymore} Rg5 52. Rg8 Rxc5 53. Rxg6
Rxb5 $19) 51... h4 (51... Rg5+ {might be the shorter path} 52. Ke6 $19) 52. Ke6
(52. Rg8 {does not help much} Rg5+ 53. Kc4 a6 54. bxa6+ Kxa6 55. Ra8+ Kb7 $19)
52... h3 53. Rh7 Rg3 54. Kd7 (54. Kf6 {does not save the day} g5 55. Kg6 g4 $19
) 54... Rd3+ (54... g5 $142 {makes it even easier for Black} 55. Ke6 Rf3 56.
Ke5 $19) 55. Ke7 (55. Ke6 {doesn't improve anything} Rf3 $19) 55... g5 56. Rh6
g4 57. Ra6 (57. Ke6 $19 {the only chance to get some counterplay}) 57... h2 58.
c6+ Kb8 59. Ra1 g3 60. Rf1 Re3+ (60... a5 61. b6 cxb6 62. Ra1 g2 63. Ke6 g1=Q
64. c7+ Kxc7 65. Rc1+ Qxc1 66. Kf5 Rd5+ 67. Kg4 h1=Q 68. Kg3 Rd3+ 69. Kg4 Qh3#)
61. Kd7 Rd3+ (61... a5 $142 {keeps an even firmer grip} 62. Rf8+ Ka7 63. Kxc7
$19) 62. Ke7 a5 $1 {Theme: Clearance for b8-a7} 63. Rf8+ Ka7 64. Rc8 Kb6 65.
Rb8+ Kc5 66. b6 (66. Rd8 {does not win a prize} h1=Q 67. Rb8 Qh7+ 68. Kf6 Rf3+
69. Kg5 g2 70. Kg4 Qf5+ 71. Kh4 Rh3#) 66... h1=Q 67. bxc7 (67. Ra8 {
is not much help} Qh7+ 68. Ke6 Qg6+ 69. Ke5 Re3+ 70. Kf4 Re4+ 71. Kf3 Qf5+ 72.
Kxg3 Rg4+ 73. Kh2 Qh7#) 67... Qh7+ (67... Qh7+ 68. Ke6 Qh6+ 69. Ke5 Qg5+ 70.
Ke6 Re3+ 71. Kd7 Qf5+ 72. Kd8 Qf8+ 73. Kd7 Re7#) 0-1

[Event "SA Candidates"]
[Site "Adelaide"]
[Date "2002.02.19"]
[Round "2.3"]
[White "Peake, Michael"]
[Black "Foggo, Grant"]
[Result "1-0"]
[WhiteElo "1530"]
[BlackElo "1489"]
[Annotator "Fritz 7 - Anderson-Smith,W"]
[PlyCount "81"]
[EventDate "2002.02.12"]
[EventType "swiss"]
[EventRounds "7"]
[EventCountry "AUS"]

{B32: Sicilian: Löwenthal and Kalashnikov Variations} 1. e4 c5 2. Nf3 Nc6 3. d4
cxd4 4. Nxd4 e5 5. Nxc6 (5. Nb5 d6 6. c4 Be7 7. b3 (7. Be2 Be6 8. O-O Nf6 9.
N1c3 a6 10. Na3 Nd4 11. Be3 Nxe2+ 12. Qxe2 O-O 13. f3 Rc8 14. Rfc1 Nd7 15. Rd1
Rc6 16. Nd5 Bg5 17. Bf2 Qb8 18. b4 Bxd5 19. Rxd5 Rfc8 20. Rad1 Be7 21. R5d3 Nf8
22. Qb2 Ne6 23. b5 axb5 24. cxb5 R6c7 25. Bb6 Rd7 26. Qb3 Nf4 27. R3d2 d5 28.
Be3 Rdc7 29. Nb1 dxe4 30. fxe4 Bc5 31. b6 Bxe3+ 32. Qxe3 Rc6 33. Rd7 Rc2 34.
R1d2 Rc1+ 35. Rd1 Rxd1+ 36. Rxd1 Rc2 37. Nd2 Qd6 38. g3 Rc3 {
0-1 Milos,G-Radjabov,T/Buenos Aires 2001/CB41 (38)}) 7... f5 8. exf5 Nf6 9. Bd3
e4 10. Be2 Bxf5 11. O-O a6 12. Nd4 Nxd4 13. Qxd4 O-O 14. Nc3 Qe8 15. Bf4 Rd8
16. Rad1 Kh8 17. f3 Qg6 18. fxe4 Nxe4 19. Nd5 Bh3 20. Bf3 Ng5 21. Qd2 Nxf3+ 22.
Rxf3 Bg4 23. Nxe7 Qh5 24. Rdf1 Bxf3 25. Rxf3 Rde8 26. Rh3 Qg4 27. Qd3 h5 28.
Ng6+ Kg8 29. Nxf8 {1-0 Ponomariov,R-Zubarev,A/Kharkov 2001/CBM 83 (29)}) 5...
bxc6 6. Nc3 Nf6 7. Bd3 Bb4 (7... Rb8 8. Rb1 Bb4 9. Bd2 O-O 10. O-O d5 11. a3
Be7 12. Re1 Qd6 13. Qf3 Bd7 14. Bg5 d4 15. Bxf6 Bxf6 16. Ne2 Rb7 17. b4 a5 18.
bxa5 Rxb1 19. Rxb1 Qxa3 20. a6 Bc8 21. Bc4 Qa5 22. Qd3 Bd7 23. h3 Ra8 24. Qb3
Bc8 25. Qb6 Bd8 26. Qxc6 {1-0 Dinet,V-Piat,J/Avoine 1998/EXT 2000 (26)}) 8. Bd2
O-O $146 (8... d5 9. O-O Bxc3 10. Bxc3 dxe4 11. Bc4 Qc7 12. Qe2 h6 13. Qe3 O-O
14. Qg3 Qe7 15. Qxe5 Qxe5 16. Bxe5 Nd7 17. Bc3 Nb6 18. Bb3 Re8 19. Rad1 Be6 20.
Bxe6 Rxe6 21. Rfe1 Rc8 22. Rd4 f5 23. f3 c5 24. Rdd1 Na4 25. Re3 Rcc6 26. Rd7
Nxc3 27. Rxc3 e3 28. Kf1 a6 29. f4 {
1/2-1/2 Monterroso,K-Karim,A/Dubai 1986/TD (29)}) 9. O-O d5 10. f3 {Controls g4
} (10. Nxd5 Nxd5 11. exd5 Bxd2 12. Qxd2 cxd5 $11) 10... Qb6+ 11. Kh1 Bxc3 12.
bxc3 Rd8 (12... Rb8 13. Bg5 Nd7 14. Qe1 $15) 13. Qe2 Qc5 14. exd5 Qxd5 15. c4
Qe6 16. Bc3 Nd7 17. Rfe1 {Will e5 fall?} Re8 18. Rad1 f5 (18... Qh6 $5 $14 {
should be investigated more closely}) 19. c5 $1 $16 {Theme: Clearance for d3-c4
} Qf6 (19... Nxc5 20. Bc4 {A pinning theme}) 20. Bc4+ Kh8 21. Rd6 Qf8 22. Rxc6
e4 23. Bd4 (23. Qd2 $142 $18) 23... Bb7 $2 (23... Rb8 $142 24. f4 Rd8 $18) 24.
Rc7 exf3 (24... Bc8 {is not the saving move} 25. fxe4 Re7 26. Qd2 $18) 25. Qf2
fxg2+ (25... Be4 {doesn't get the bull off the ice} 26. Rxd7 Re7 27. Rxe7 Qxe7
28. g4 $18) 26. Kg1 Rxe1+ (26... Bc6 {cannot undo what has already been done}
27. Rxe8 Rxe8 28. Rxc6 $18) 27. Qxe1 Bc8 (27... Bc6 28. Qe6 Rc8 29. Rxd7 Bxd7
30. Qxd7 Rb8 $18) 28. c6 Nf6 29. Rf7 Qd8 30. Bc5 (30. Qe5 $142 {
and White can already relax} Ba6 31. c7 $18) 30... Nd7 (30... Ba6 {
praying for a miracle} 31. Rf8+ Qxf8 32. Bxf8 Bxc4 $18) 31. cxd7 (31. Rxd7 $6
Bxd7 32. cxd7 Qxd7 $16) 31... Bxd7 (31... Ba6 {hardly improves anything} 32.
Qe5 Qg8 33. Rxg7 Qxg7 34. Qe8+ Rxe8 35. dxe8=Q+ Qf8 36. Qxf8#) 32. Rf8+ (32.
Qa1 Qf6 33. Rxf6 Rg8 34. Rf8 Be6 35. Bxe6 Rxf8 36. Bxf8 f4 37. Qxg7#) 32...
Qxf8 $18 33. Bxf8 Re8 (33... Rxf8 {
a fruitless try to alter the course of the game} 34. Qe7 Ra8 35. Qxd7 $18) 34.
Be7 Bc6 35. Qe6 (35. Qe5 Ba4 36. Bf7 Bb3 37. Bxe8 Kg8 38. Qb8 g5 39. Bh5+ Kg7
40. Qf8#) 35... Bf3 36. Bd5 (36. Qxf5 Rb8 37. Bb4 Bd5 38. Bxd5 a6 39. Be4 Kg8
40. Qxh7+ Kf7 41. Qh5+ g6 42. Qxg6#) 36... Bxd5 37. Qxd5 h6 (37... f4 {
does not improve anything} 38. Qf7 Rg8 39. Qxf4 $18) 38. Qb7 f4 39. Kxg2 Kg8
40. Kf3 g5 41. Qd5+ (41. Qd5+ Kg7 42. Qe5+ Kg6 43. Qf6+ Kh5 44. Qf7+ Kh4 45.
Bxg5+ Kxg5 46. h4+ Kxh4 47. Qxf4+ Kh3 48. Qxh6#) 1-0

[Event "SA Candidates"]
[Site "Adelaide"]
[Date "2002.02.19"]
[Round "2.4"]
[White "Dakovic, Goran"]
[Black "Gibson, Gary"]
[Result "1-0"]
[WhiteElo "1692"]
[BlackElo "1643"]
[Annotator "Fritz 7 - Anderson-Smith,W"]
[PlyCount "59"]
[EventDate "2002.02.12"]
[EventType "swiss"]
[EventRounds "7"]
[EventCountry "AUS"]

{E80: King's Indian: Sämisch: Lines without early ...0-0} 1. d4 Nf6 2. c4 g6 3.
Nc3 Bg7 4. e4 d6 5. f3 c6 (5... a6 6. Be3 c6 7. Bd3 Nbd7 8. Nge2 b5 9. b3 O-O
10. O-O Qa5 11. Qd2 Rb8 12. Rab1 bxc4 13. bxc4 Bb7 14. Nc1 Qc7 15. Nb3 c5 16.
Nd5 Nxd5 17. cxd5 cxd4 18. Nxd4 Nc5 19. Rfc1 Qd7 20. Bf1 Rfc8 21. Qa5 Bf6 22.
Rb4 Ba8 23. Rcb1 Rxb4 24. Rxb4 Bb7 25. Nb3 Nxb3 26. Rxb3 Kg7 27. Qb4 Rc7 28. a4
Bc8 29. Bd3 {1/2-1/2 Summermatter,D-Hug,W/Brocco 1991/EXT 97 (29)}) 6. Be3 Nbd7
(6... a6) 7. Nh3 (7. Bd3 O-O 8. Nge2 e5 9. d5 Nc5 10. Bc2 a5 11. O-O Nh5 12. a3
cxd5 13. Nxd5 a4 14. Nec3 Bd7 15. Bxc5 dxc5 16. Bxa4 Be6 17. Bb5 Bh6 18. Qe2
Qh4 19. Qf2 Qg5 20. Qxc5 Rac8 21. Qf2 f5 22. Qb6 Bf7 23. Rae1 Nf4 24. Nxf4 exf4
25. e5 Qd8 26. Qxd8 Rfxd8 27. e6 Be8 28. h4 Bg7 29. Rd1 Bd4+ 30. Kh2 Bxc3 31.
bxc3 Kf8 32. Rfe1 Rxd1 33. Rxd1 Bxb5 34. cxb5 Rxc3 35. Rd7 Rxa3 36. Rxh7 Re3
37. Rxb7 Rxe6 38. b6 Ke8 39. g3 Kd8 40. Rb8+ Kd7 41. gxf4 Kc6 {
Angantysson,H-Christiansen,L/Lone Pine 1978/MCL/1-0 (53)}) (7. Be2 Qc7 8. Qd2
e5 9. d5 O-O 10. Rc1 Ne8 11. Bd3 a5 12. a3 Nc5 13. Bc2 f5 14. Bxc5 dxc5 15.
dxc6 bxc6 16. exf5 gxf5 17. Na4 Rf6 18. Rd1 Rd6 19. Qf2 Rxd1+ 20. Bxd1 Bf8 21.
Ne2 Qe7 {Weber,S-Castelluzzo,S/Gladenbach 1999/EXT 2001/0-1 (32)}) 7... e5 $146
(7... a6 8. c5 b5 9. cxb6 Qxb6 10. Qd2 Rb8 11. Nd1 O-O 12. Be2 Ne8 13. O-O Nc7
14. Nhf2 Nb5 15. e5 Rd8 16. f4 c5 17. Bxb5 axb5 18. dxc5 dxc5 19. Qc1 Qc6 20.
Nd3 Bb7 21. Rf2 Rbc8 22. Rc2 {
Fraguela Gil,J-Garcia,G/Cienfuegos 1975/EXT 98/0-1 (32)}) (7... O-O 8. Be2 $11
(8. Nf2 a6 9. d5 $6 Ne5 10. Be2 b5 $1 11. cxb5 axb5 12. dxc6 b4 13. Nd5 Nxc6
14. Nb6 Ra5 15. Nxc8 Qxc8 16. O-O Qa8 17. Bc4 d5 18. exd5 Ne5 19. Bb3 Nxd5 20.
Bd2 {1/2-1/2 Bronstein,D-Stein,L/Moscow 1967/MCL/[Dolmatov] (20)}) (8. Qd2 e5
9. d5 cxd5 10. cxd5 a6 11. Nf2 Nh5 12. Nd3 f5 13. Be2 fxe4 14. fxe4 Qh4+ 15.
Bf2 $13 {Psakhis,L-Kasparov,G/La Manga/1990/ Inf 50/624/})) 8. d5 $14 {
White wins space} c5 9. Bd3 a6 {Secures b5} 10. O-O Nb6 11. Nf2 Bd7 12. Rb1 Rb8
(12... Bc8 $5 $16) 13. b4 cxb4 14. Rxb4 Nc8 15. Qb3 Qc7 (15... b6 16. Rb1 $16)
16. Rb1 $18 b5 (16... Qa5 17. Na4 $18) 17. cxb5 axb5 $2 (17... a5 18. Rc4 Qd8
$18) 18. Nxb5 Bxb5 (18... Rxb5 {cannot change what is in store for ?} 19. Bxb5
O-O 20. Bxd7 Nxd7 21. Rb7 $18) 19. Bxb5+ Ke7 (19... Rxb5 {
does not solve anything} 20. Rxb5 O-O 21. Rc1 $18) 20. Bc6 Rxb4 21. Qxb4 Nd7 (
21... h5 {does not improve anything} 22. Qa3 Qd8 23. Bd2 $18) 22. Qb7 Qxb7 23.
Rxb7 Rd8 24. a4 Ke8 (24... Bf6 {cannot change destiny} 25. a5 h6 26. a6 $18)
25. a5 Ne7 (25... Ke7 {doesn't do any good} 26. a6 f5 27. a7 Nxa7 28. Bxa7 $18)
26. Bb5 f5 27. Bg5 (27. a6 $142 {seems even better} Kf7 28. Bxd7 $18) 27... f4
(27... h6 {what else?} 28. Bxe7 Kxe7 $18) 28. a6 h6 29. Bxe7 Kxe7 30. Rxd7+ (
30. Rxd7+ Rxd7 31. Bxd7 Kxd7 32. a7 $18) 1-0

[Event "SA Candidates"]
[Site "Adelaide"]
[Date "2002.02.19"]
[Round "2.5"]
[White "Schoech, Franz"]
[Black "Driscoll, Adrian"]
[Result "1-0"]
[WhiteElo "1197"]
[BlackElo "1527"]
[Annotator "Fritz 7 - Anderson-Smith,W"]
[PlyCount "41"]
[EventDate "2002.02.12"]
[EventType "swiss"]
[EventRounds "7"]
[EventCountry "AUS"]

{B07: Pirc Defence: Miscellaneous Systems} 1. e4 d6 2. d4 Nf6 3. Nc3 g6 4. Bd3
(4. Be3 c6 5. h3 Bg7 6. f4 Qb6 (6... O-O 7. Nf3 Nbd7 8. Bd3 Qb6 9. Qd2 Qxb2 10.
Rb1 Qa3 11. e5 Ne8 12. O-O Qa5 13. Rb3 e6 14. Qf2 Qd8 15. Ne4 Qe7 16. Bc1 c5
17. Ba3 b6 18. exd6 Nxd6 19. dxc5 bxc5 20. Nxc5 Nf6 21. Ne5 Qc7 22. Rfb1 Nd5
23. c4 Ne7 24. Qf3 f6 25. Qxa8 fxe5 26. Ne4 Ndf5 27. g4 Nd4 28. Bd6 Qd8 29.
Qxa7 Nec6 30. Qb6 Qh4 31. Bxf8 Bxf8 32. Bf1 exf4 33. Qc7 e5 34. Qxc8 f3 35. Rb8
Nxb8 36. Rxb8 Ne2+ 37. Bxe2 {
1-0 Sivokho,S-Lugovoi,A/St Petersburg 2001/CBM 83 (37)}) 7. Qc1 Nh5 8. Nge2 f5
9. e5 O-O 10. Rg1 g5 11. g3 Na6 12. Bg2 c5 13. fxg5 cxd4 14. Bxd4 Qa5 15. exd6
Bxd4 16. Nxd4 Qe5+ 17. Nde2 f4 18. dxe7 Qxe7 19. Nd5 Qc5 {
1/2-1/2 Hracek,Z-Marin,M/Krynica 1998/CBM 67 (19)}) 4... Bg7 5. Bf4 $146 (5.
Bg5 h6 6. Bh4 Nc6 7. Nge2 e5 8. d5 Ne7 9. Nb1 g5 10. Bg3 h5 11. f3 h4 12. Bf2
g4 13. Nd2 Ng6 14. c3 Ke7 15. Qc2 Bh6 16. Rg1 Nf4 17. Nxf4 Bxf4 18. Nf1 Qg8 19.
Qe2 Qh7 20. Be3 Qh6 21. O-O-O gxf3 22. gxf3 Bh3 23. Bxf4 Bxf1 24. Qd2 Qxf4 25.
Qxf4 exf4 26. Bxf1 h3 27. Kd2 Rag8 28. Rxg8 Rxg8 29. Bxh3 Rh8 30. Bg2 Rxh2 31.
Rg1 Nd7 32. Kd3 Ne5+ 33. Kd4 b5 34. c4 Nxc4 35. Bf1 Ne5 36. Kc3 b4+ 37. Kb3
Nxf3 38. Rg2 Nd2+ {0-1 Wijnhoven,T-Polzin,R/Goch 1993/EXT 98/[Bulletin] (38)})
(5. Nge2 c6 (5... O-O 6. f3 e5 7. Be3 (7. O-O Nc6 8. d5 Ne7 9. Bg5 h6 10. Be3
c6 11. dxc6 bxc6 12. a3 Be6 13. Qd2 Kh7 14. f4 Bg4 15. f5 d5 16. h3 Bxe2 17.
Nxe2 dxe4 18. Bc4 Qxd2 19. Bxd2 Nxf5 20. Bb4 Ne3 21. Bxf8 Rxf8 22. Rxf6 Bxf6
23. Bb3 Bd8 24. Ng3 f5 25. Re1 Bb6 26. Kf2 Nxc2+ 27. Ke2 Nxe1 28. Kxe1 Rd8 29.
Ke2 Rd3 30. Bc4 Rxg3 {0-1 Ducloux,D-Tsepeneag,T/Paris 1989/TD (30)}) 7... exd4
8. Nxd4 d5 9. Nde2 dxe4 10. fxe4 Ng4 11. Qd2 Nxe3 12. Qxe3 Nd7 13. O-O Ne5 14.
h3 c6 15. Kh1 Qb6 16. Qxb6 axb6 17. a4 Re8 18. Rad1 Bd7 19. b3 Rad8 20. Na2 {
Smyth,C-Lawton,G/Southport 1983/EXT 99/0-1 (44)}) 6. f3 e5 7. d5 cxd5 8. exd5
Qb6 9. Bd2 Bd7 10. Qc1 Na6 11. Be3 Qa5 12. Bc4 b5 13. Bb3 O-O 14. O-O b4 15.
Ne4 Nxe4 16. fxe4 Nc5 17. Ng3 Qb6 18. Kh1 Rac8 19. Qd2 a5 20. Rf2 f5 21. exf5
gxf5 22. Bh6 f4 23. Bxg7 Kxg7 24. Raf1 Bb5 25. Nh5+ Kh8 26. Nxf4 Bxf1 27. Ng6+
Kg7 28. Nxf8 Ne4 {0-1 Stroe,C-Olteanu,F/Bucharest 2001/CBM 82 ext (28)}) 5...
Nfd7 6. Nge2 e5 7. dxe5 Nxe5 8. Qd2 Nxd3+ 9. Qxd3 Nc6 10. a3 {Covers b4} a6 {
Consolidates b5} 11. O-O-O Be6 12. Rd2 Qd7 13. Rhd1 O-O-O 14. Nd5 Ne5 15. Qd4
f5 $4 (15... Bxd5 $142 {saving the game} 16. exd5 Qb5 $11) 16. Qa7 $18 Nc6 (
16... Qa4 {a fruitless try to alter the course of the game} 17. Qa8+ Kd7 18.
Nb6+ Ke8 19. Qxd8+ (19. Nxa4 $6 {is no comparison} Rxa8 20. Bxe5 Bxe5 $11)
19... Kxd8 20. Nxa4 $18) 17. Qa8+ Nb8 18. Nb6+ $1 {Demolishes the pawn shield}
cxb6 {A deflection.} 19. Rxd6 Qe7 (19... Qc7 {otherwise it's curtains at once}
20. Rxd8+ Rxd8 21. Bxc7 Rxd1+ 22. Kxd1 Kxc7 $18) 20. Rxd8+ Rxd8 21. Qxb8# 1-0